书目信息 |
| 题名: |
知青人信扎
|
|
| 作者: | 郭小东 著 | |
| 分册: | ||
| 出版信息: | 北京 中国文联出版公司 1999 |
|
| 页数: | 427页 | |
| 开本: | 21cm | |
| 丛书名: | ||
| 单 册: | ||
| 中图分类: | I267 | |
| 科图分类: | ||
| 主题词: | 散文--作品集--中国--当代 | |
| 电子资源: | ||
| ISBN: | 7-5059-3241-1 | |
| 000 | 00700nam0 2200217 45 | |
| 001 | 012000502086 | |
| 005 | 20041013084515.65 | |
| 010 | @a7-5059-3241-1@dCNY 22.80 | |
| 100 | @a20000919d1999 em y0chiy0120 ea | |
| 101 | 0 | @achi |
| 102 | @aCN@b110000 | |
| 105 | @af z 000cd | |
| 200 | 1 | @a知青人信扎@AZhi Qing Ren Xin Zha@f郭小东著@FGuo Xiao Dong Zhu |
| 210 | @a北京@c中国文联出版公司@d1999 | |
| 215 | @a427页@c照片@d21cm | |
| 300 | @a郭小东,广东民族学院教授,中国作家协会会员,广东作家协会主席团成员,中国当代文学研究会常务理事等。 | |
| 606 | 0 | @a散文@x作品集@y中国@z当代 |
| 690 | @aI267@v3 | |
| 701 | 0 | @a郭小东@AGuo Xiao Dong@4著 |
| 801 | 0 | @aCN@bCEPC@c20041013 |
| 905 | @a10447@dI267@eG850 | |
| 知青人信扎/郭小东著.-北京:中国文联出版公司,1999 |
| 427页:照片;21cm |
| 郭小东,广东民族学院教授,中国作家协会会员,广东作家协会主席团成员,中国当代文学研究会常务理事等。 |
| ISBN 7-5059-3241-1:CNY 22.80 |
| ● |
| 相关链接 |
|
|
|
正题名:知青人信扎
索取号:I267/G850
 
预约/预借
| 序号 | 登录号 | 条形码 | 馆藏地/架位号 | 状态 | 备注 |
| 1 | 399683 | 203996836 | 文学库116/116文学库 3排6列1层/ [索取号:I267/G850] | 在馆 | |
| 2 | 399684 | 203996845 | 社科二线422/422社科库 49排3列5层/ [索取号:I267/G850] | 在馆 | |
| 3 | 399685 | 203996854 | 文学库116/116文学库 3排6列1层/ [索取号:I267/G850] | 在馆 |